1901 1426 1310 1792 1659 1127 1895 1553 1650 1355 1463 1749 1815 1233 1365 1852 1649 1976 1289 1767 1158 1788 1072 1372 1128 1322 1537 1309 1125 1422 1822 1757 1552 1429 1499 1790 1091 1710 1919 1886 1809 1637 1279 1696 1489 1896 1391 1781 1384 1784 1406 1540 1150 1660 1332 1115 1753 1485 1699 1436 1299 1497 1983 1634 1488 1250 1992 1390 1040 1210 1595 1513 1077 1378 1180 1964 1145 1169 1739 1495 1221 1120 1535 1354 1561 1948 1890 1503 1460 1744 1696 1118 1167 1969 1091 1133 1208 1524 1765 BCNSPRNW ULIB Ver.6.0+V

เปลี่ยนเป็นภาษาไทย

Change to English
 แสดงรายละเอียดบรรณานุกรม
  กลับหน้าหลัก

Brief Record : Get Marc (ISO 2709) : E-mail record : QR code < ปิดหน้าต่าง
LEADER : 00000nam 2200000uu 4500
001    13399120996
003     ULIB
008    121030s2552||||th 000 0 tha d
020    9789749557907
099    นว.^bส988ส
100 0  โสภี พรรณราย
245 00 สร้อยสายเพชร^cโสภี พรรณราย
260    กรุงเทพฯ:^bรวมสาน์ส,^c2552
945    ^p0^l0^i028084
999    ^aใช้งานได้ทุกระบบ
รายการนี้ยังไม่มีแท็ก
คุณยังไม่ได้ล็อกอิน คุณสามารถมีกิจกรรมร่วมกับเว็บไซต์ได้ แต่ต้องล็อกอินก่อน ::
  ล็อกอิน

รายการสื่อสารสนเทศ

ลำดับที่ ประเภท เลขเรียก/บาร์โค้ด สถานที่ สถานะ
1. วิทยาศาสตร์การแพทย์ และสุขภาพ
วิทยาศาสตร์การแพทย์ และสุขภาพ
นว. ส988ส  
  Barcode: 028084
ห้องสมุดวิทยาเขตสวรรค์ประชารักษ์
►หนังสือทั่วไป
บนชั้น

รายการใกล้เคียง
    ผู้แต่ง [โสภี พรรณราย]

BibComment


ยังไม่เคยถูกคอมเมนท์

คอมเมนท์ทรัพยากรรายการนี้
  คอมเมนท์: สร้อยสายเพชร โสภี..


 Copyright 2026. Bcnsprnw @Library